| 000 | 00590nam a2200205 i 4500 | ||
|---|---|---|---|
| 001 | 125544 | ||
| 003 | ES-MaACL | ||
| 005 | 20230906192642.0 | ||
| 007 | t| | ||
| 008 | 070619s1974 sp ||||1| spa d | ||
| 020 | _a84-283-0551-X | ||
| 080 | _a811.134.2'35 | ||
| 100 | 1 |
_aPolo, José. _992861 |
|
| 245 | 1 | 0 |
_aOrtografía y ciencia del lenguaje / _cJosé Polo. |
| 260 |
_aMadrid : _bParaninfo, _c1974. |
||
| 300 |
_a580 p. ; _c23 cm. |
||
| 500 | _aBiblioteca Jacinto Martínez Lacalle. | ||
| 650 | 1 | 4 |
_aLengua española- _xOrtografía. _914177 |
| 852 |
_aES-MaACL _jE-11715 _bR.139729 |
||
| 999 |
_c125544 _d125544 |
||